000 00842nam0a22002531 4500
001 rc\3000003
005 20250530010122.0
035 _a(NLR Aleph) 007143364
090 _a7078228
_c7078228
100 _a20090326d1936 |||y0rusy50 ca
101 0 _arus
102 _aRU
105 _ay z ||||y
200 1 _aПрактическое руководство по железнодорожным и водным перевозкам (для работников Наркомзема)
_fСост. А. Лекарев, М. Цибулин
205 _a1-е изд.
210 _aТашкент
_cНКЗ УзССР
_d1936
215 _a167, [4] с.
_d20 см
700 1 _aЛекарев
_bА.
701 1 _aЦибулин
_bМ.
801 0 _aRU
_bNLR
_gpsbo
801 1 _aRU
_bELAR
_2rusmarc
852 _aNLR
_j36-3/1823
942 _cBOOK
980 _aNB